La tribu de los Bradley / (Record no. 18162)
[ view plain ]
| 000 -LEADER | |
|---|---|
| fixed length control field | 00633nam a22002297a 4500 |
| 001 - CONTROL NUMBER | |
| control field | sjds170121 |
| 003 - CONTROL NUMBER IDENTIFIER | |
| control field | sjds |
| 005 - DATE AND TIME OF LATEST TRANSACTION | |
| control field | 20170707154307.0 |
| 008 - FIXED-LENGTH DATA ELEMENTS--GENERAL INFORMATION | |
| fixed length control field | 170707b sp||||| |||| 00| 0 spa d |
| 020 ## - INTERNATIONAL STANDARD BOOK NUMBER | |
| International Standard Book Number | 9788478333011 (pbk.) |
| 040 ## - CATALOGING SOURCE | |
| Transcribing agency | sjds |
| 041 ## - LANGUAGE CODE | |
| Language code of text/sound track or separate title | spa |
| 100 1# - MAIN ENTRY--PERSONAL NAME | |
| Personal name | Bagge, Peter |
| 245 13 - TITLE STATEMENT | |
| Title | La tribu de los Bradley / |
| Statement of responsibility, etc. | Peter Bagge ; [traducción, Hernán Migoya]. |
| 246 ## - VARYING FORM OF TITLE | |
| Title proper/short title | La tribu de los Bradley |
| 260 ## - PUBLICATION, DISTRIBUTION, ETC. (IMPRINT) | |
| Place of publication, distribution, etc. | Barcelona |
| Name of publisher, distributor, etc. | La Cúpula |
| Date of publication, distribution, etc. | 2003. |
| 300 ## - PHYSICAL DESCRIPTION | |
| Extent | 82 p. |
| Other physical details | principalmente il. |
| Dimensions | 24 cm. |
| 490 ## - SERIES STATEMENT | |
| Series statement | Buddy y los Bradley, |
| Volume/sequential designation | 2; |
| 490 ## - SERIES STATEMENT | |
| Series statement | Víbora cómix |
| 700 1# - ADDED ENTRY--PERSONAL NAME | |
| Personal name | Migoya, Herman |
| 942 ## - ADDED ENTRY ELEMENTS (KOHA) | |
| Koha item type | Libro/Book |
| Withdrawn status | Lost status | Damaged status | Not for loan | Home library | Current library | Date acquired | Inventory number | Total Checkouts | Barcode | Date last seen | Price effective from | Koha item type |
|---|---|---|---|---|---|---|---|---|---|---|---|---|
| Zaragoza -- Satellite | Zaragoza -- Satellite | 07/07/2017 | Inventory date: 7/7/25 | 35501578 | 07/07/2017 | 07/07/2017 | Libro/Book |